Technical innovation and national economic performance

Αποθηκεύτηκε σε:
Λεπτομέρειες βιβλιογραφικής εγγραφής
Κύριος συγγραφέας: Freeman, C.
Μορφή: Βιβλίο
Γλώσσα:Undetermined
Έκδοση: Aalborg Unversity Press Institute of production 1981
Θέματα:
Ετικέτες: Προσθήκη ετικέτας
Δεν υπάρχουν, Καταχωρήστε ετικέτα πρώτοι!
Thư viện lưu trữ: Trung tâm Học liệu Trường Đại học Cần Thơ
LEADER 00524nam a2200181Ia 4500
001 CTU_79809
008 210402s9999 xx 000 0 und d
082 |a 338 
082 |b F855 
100 |a Freeman, C. 
245 0 |a Technical innovation and national economic performance 
245 0 |c C. Freeman 
260 |a Aalborg Unversity Press 
260 |b Institute of production 
260 |c 1981 
650 |a Technological innovations 
904 |i Trọng Hải 
980 |a Trung tâm Học liệu Trường Đại học Cần Thơ